000 00230nam a2200097Ia 4500
008 240331s9999 xx 000 0 und d
082 _bMAL
100 _aSampath W. ed
245 0 _aMALA :
_bpenkal chonna chinnak kathaikal
942 _cL
999 _c1670
_d1670